000
00294nam a2200121Ia 4500
008
250626s2004 xx 000 0 und d
041
_a
eng
082
_a
618.6/MAN
100
_a
Mantle J H
245
_a
Physiotherapy In Obstetrics & Gynaecology
250
_a
2nd
260
_b
Elsever
_c
2004
999
_c
1210522
_d
1210522